Responses for Show #6145 - Friday, May 6, 2011

2011 Teachers Tournament quarterfinal game 5.

Contestants

[<< previous game]

Judd Hess, a high school English teacher from Huntington Beach, California

Larry DeMoss, a high school English teacher from Ellettsville, Indiana

Catherine Carson, a fourth grade language arts, math, and social studies teacher from Washington, D.C.

[next game >>]

Jeopardy! Round responses

THE PRESIDENT WHO WROTE...
SUMMER SCHOOL
WHO'S YOUR MAMA?
(Alex: You have to identify the mother of the person we give you in the clue.)
BONE UP FOR THE TEST
ISLANDS
FROM D TO E
(Alex: Each correct response will begin with the letter "D" and end with an "E".)
    $200 6
Barack Obama

Catherine
    $200 26
Indian summer

Larry
    $200 10
Goldie Hawn

Judd
    $200 9
the patella

Larry
    $200 1
Aleutian Islands

Catherine
    $200 11
a deuce

Judd
    $400 7
(Larry: Who is George Bush?)

Bill Clinton

LarryJudd
    $400 27
the Soviet Union

Judd
    $400 22
(Judd: Who is...)

Judy Garland

LarryJudd
    $400 18
ribs

Judd
    $400 2
Hawaii

Larry
    $400 12
divine

Judd
    $400 8
Theodore Roosevelt

Judd
    $600 28
[Catherine rings in while Alex is speaking, but the "time's up" buzzer had not rung yet. Alex apologized as he had given the clue answer before it was time, and could not award points to anyone.]

a summer squash

Triple Stumper
    $600 23
(Larry: Who is Vivien Leigh?)

Janet Leigh

Larry
Triple Stumper
    $600 19
(Catherine: What are the metatarsals?)

the carpal

CatherineLarry
    $600 3
Midway Island

Larry
    $600 13
dextrose

Catherine
    $800 16
Nixon

Larry
    $800 29
summer camps

Judd
    $800 24
Patty Duke Astin

Triple Stumper
    $800 20
the ulna

Catherine
    $800 4
the Canary Islands

Larry
    $800 14
docile

Larry
    $1000 17
Hoover

Larry
    $1000 30
the summer solstice

Judd
    $1000 25
Ingrid Bergman

Triple Stumper
    $1000 21
the tibia

Catherine
    $1000 5
Dry Tortugas National Park

Triple Stumper
    $1000 15
a dormouse

Judd

Scores at the first commercial break (after clue 15):

Catherine Larry Judd
$1,000 $2,400 $2,600

Scores at the end of the Jeopardy! Round:

Catherine Larry Judd
$2,200 $4,800 $4,800

Double Jeopardy! Round responses

DUTCH BOYS
SPORTS WEIGHTS & MEASURES
"NEW" IN THE BOOKSTORE
LESSEN PLAN
(Alex: Notice the spelling there--a little weird.)
THEIR MAIN MUSICAL INSTRUMENT
SCHOOLING YOU IN LATIN
    $400 22
Van Gogh

Judd
    $400 11
a football

Catherine
    $400 12
Brave New World

Larry
    $400 6
antitrust

Larry
    $400 21
(Larry: What is saxophone?)

the trumpet

LarryJudd
    $400 1
percent

Larry
    $800 23
Col. Tom Parker

Triple Stumper
    $800 17
(Alex: Yep, you don't want to get hit by one of those.)

a hockey puck

Judd
    $800 13
the New Testament

Judd
    $800 7
congressmen

Larry
    $800 27
the violin

Judd
    $800 2
conjugate

Judd
    $1200 24
Stuyvesant

Judd
    $1200 18
(Larry: I'm a Hoosier--it's [*].)
(Catherine: What is the three-point line?)
...
(Alex: Larry, I hate to do this to you, you made a statement. You did not phrase it properly as a question.)
(Larry: Ugh--and I'm a Hoosier.)

the free-throw line

CatherineLarry
Triple Stumper
    $1200 14
New Moon

Judd
    $1200 8
Marco Polo

Larry
    $1200 28
the piano

Larry
    $1200 3
intermediate

Catherine
    $1600 25
(Catherine: Who is Wellington?)

(Abel) Tasman

CatherineJudd
    $8,000 19
(Judd: What is the long jump?)

a bowling lane

Judd
    $1600 15
The New Journalism

Larry
    $1600 9
(Fernand) LaMaze

Larry
    $1600 29
(Judd: What is the saxophone?)

the guitar

LarryJudd
    $1600 4
sorority

Larry
    $2000 26
Johannes Vermeer

Triple Stumper
    $2000 20
a pitching mound

Judd
    $2000 16
The New England Primer

Triple Stumper
    $3,200 10
the (Daniel) Bernoulli effect

Larry
    $2000 30
(Alex: Now is the time for [*].)

the saxophone

Triple Stumper
    $2000 5
lateral

Larry

Scores at the end of the Double Jeopardy! Round:

Catherine Larry Judd
$1,000 $19,200 $5,200
(lock game)

Final Jeopardy! Round responses

U.S. LANDMARKS
CatherineWhat is the St. Louis Arch?
$500
JuddWhat is the St. Louis Arch?
$3,199
LarryWhat is the Gateway Arch?
$2,800
The St. Louis Gateway Arch

Final scores:

Catherine Larry Judd
$1,500 $22,000 $8,399
3rd place: $5,000 if eliminated Automatic semifinalist 2nd place: $5,000 if eliminated

Game dynamics:

Coryat scores:

Catherine Larry Judd
$1,000 $18,000 $13,400
7 R,
3 W
22 R
(including 1 DD),
4 W
20 R
(including 1 DD),
3 W
(including 1 DD)

Combined Coryat: $32,400

[game clues] [game scores] [suggest correction]

Game tape date: 2011-03-28
The J! Archive is created by fans, for fans. Scraping, republication, monetization, and malicious use prohibited; this site may use cookies and collect identifying information. See terms. The Jeopardy! game show and all elements thereof, including but not limited to copyright and trademark thereto, are the property of Jeopardy Productions, Inc. and are protected under law. This website is not affiliated with, sponsored by, or operated by Jeopardy Productions, Inc. Join the discussion at JBoard.tv.